| 000 | 00738cam a22002414a 4500 | ||
|---|---|---|---|
| 001 | 13763247 | ||
| 005 | 20180109033339.0 | ||
| 008 | 041027s2006 njua b 001 0 eng | ||
| 010 | _a 2004061618 | ||
| 020 | _a0131707973 | ||
| 040 |
_aDLC _cDLC _dDLC |
||
| 041 | _aeng | ||
| 042 | _apcc | ||
| 080 | _a364 | ||
| 082 | 0 | 0 |
_a364 BAR _222 |
| 100 | 1 | _a13 | |
| 101 | _aSHJ | ||
| 245 | 1 | 0 |
_aCriminology : _cSteven E. Barkan. |
| 504 | _aIncludes bibliographical references and index. | ||
| 906 |
_a7 _bcbc _corignew _d1 _eocip _f20 _gy-gencatlg |
||
| 942 |
_2ddc _cBK |
||
| 999 |
_c39820 _d39820 |
||